Caregivers of dementia patients: with reference to stress, coping, social support and caregiver activities (Record no. 11287)

MARC details
000 -LEADER
fixed length control field 00562nam a2200181Ia 4500
082 ## - DEWEY DECIMAL CLASSIFICATION NUMBER
Classification number TE.0015
100 ## - MAIN ENTRY--AUTHOR NAME
Personal name Emmatty, Leena Mary
245 #0 - TITLE STATEMENT
Title Caregivers of dementia patients: with reference to stress, coping, social support and caregiver activities
260 ## - PUBLICATION, DISTRIBUTION, ETC. (IMPRINT)
Year of publication 2005
Name of publisher Tata Institute of Social Sciences, Mumbai
300 ## - PHYSICAL DESCRIPTION
Number of Pages 342
504 ## - BIBLIOGRAPHY, ETC. NOTE
Bibliography, etc includes appendices and bibliography
650 ## - SUBJECT ADDED ENTRY--TOPICAL TERM
Topical Term Dementia
650 ## - SUBJECT ADDED ENTRY--TOPICAL TERM
Topical Term Schizophrenia
650 ## - SUBJECT ADDED ENTRY--TOPICAL TERM
Topical Term Caregivers
Form subdivision Caregivers
650 ## - SUBJECT ADDED ENTRY--TOPICAL TERM
Topical Term Stress (Psychology)
710 ## - ADDED ENTRY--CORPORATE NAME
Corporate name or jurisdiction name as entry element Kashyap, Lina D.
942 ## - ADDED ENTRY ELEMENTS (KOHA)
Koha item type Thesis
Source of classification or shelving scheme Dewey Decimal Classification
Holdings
Withdrawn status Lost status Damaged status Not for loan Home library Current library Date acquired Source of acquisition Bill Date Full call number Accession Number Price effective from Koha item type
        NASSDOC Library NASSDOC Library 02/04/2008 Gifted by : Tata Institute of Social Sci 2008-03-20 TE.0015 44337 18/04/2019 Thesis